[Event "Oberwart op"]
[Site "Oberwart"]
[Date "1996.??.??"]
[Round "3"]
[White "Suetin, Alexey S"]
[Black "Stanec, Nikolaus"]
[Result "1/2-1/2"]
[WhiteElo "2420"]
[BlackElo "2505"]

1.e4 c5 2.Nf3 Nc6 3.Bb5 e6 4.O-O Nge7 5.c3 a6 6.Ba4 c4 7.Bc2 d5 8.d4 cxd3
9.Qxd3 g6 10.Bg5 Bg7 11.exd5 Qxd5 12.Qe2 O-O 13.Na3 h6 14.Rfd1 Qa5 15.Nc4 Qc7
16.Be3 Nd5 17.Be4 Nxe3 18.Qxe3 b5 19.Nce5 Bxe5 20.Nxe5 Qxe5 21.Bxc6 Qxe3
22.fxe3 Rb8 23.Rd6 Rb6 24.Rad1 Kg7 25.Bf3 Rxd6 26.Rxd6 Kf6 27.Kf2 Ke7 28.Rb6 Rd8  1/2-1/2

[Event "Oberwart op"]
[Site "Oberwart"]
[Date "1996.??.??"]
[Round "6"]
[White "Strauss, Anton"]
[Black "Olle, Peter"]
[Result "1/2-1/2"]
[WhiteElo "2240"]
[BlackElo "1985"]

1.e4 c5 2.Nf3 Nc6 3.Bb5 g6 4.O-O Bg7 5.c3 Nf6 6.Re1 O-O 7.d3 d6 8.Nbd2 Nd7
9.Nf1 a6 10.Bxc6 bxc6 11.Ne3 Rb8 12.h3 e6 13.Nc4 Nb6 14.Na5 Qc7 15.Re2 e5
16.b4 cxb4 17.cxb4 c5 18.Be3 Nd7 19.a3 cxb4 20.axb4 Rxb4 21.Rc2 Nc5 22.Nc4 Be6
23.Nxd6 Bb3 24.Rxc5 Qxd6 25.Qd2 Rb5 26.Qc3 Be6 27.Rc6 Qb8 28.Rcxa6 Rb3  1/2-1/2

[Event "Oberwart op"]
[Site "Oberwart"]
[Date "1996.??.??"]
[Round "7"]
[White "Lakos, Nikoletta"]
[Black "Murrey, Jacob"]
[Result "1-0"]
[WhiteElo "2280"]
[BlackElo "2460"]

1.e4 c5 2.Nf3 Nc6 3.Bb5 Nf6 4.e5 Nd5 5.b3 g6 6.Bb2 Bg7 7.O-O O-O 8.Bxc6 dxc6
9.d3 b5 10.Nbd2 Nb6 11.Qe2 Bf5 12.h3 c4 13.dxc4 Bxc2 14.Nd4 Bf5 15.Nxc6 Qd7
16.Nd4 bxc4 17.Nxc4 Nxc4 18.bxc4 Rfc8 19.Rac1 Rc5 20.Nb3 Rc7 21.Rfd1 Qc8
22.Nd4 Rb8 23.Ba3 Qa6 24.Nb5 Rcb7 25.Bc5 Rc8 26.Qe3 Qxa2 27.Nxa7 Re8 28.Nb5 Be6
29.Qe4 Reb8 30.Be3 h5 31.Nd4 Qa6 32.c5 Rc7 33.c6 Qa2 34.Rc5 Rd8 35.Rdc1 Bd5
36.Qf4 Rdc8 37.R1c2 Qa1+ 38.Rc1 Qa2 39.Nb5 Rxc6 40.Nc3 Rxc5 41.Nxa2 Rc4 42.Qg5 e6
43.Nb4 Be4 44.Rxc4 Rxc4 45.Qd8+ Kh7 46.Nd3 Bf5 47.Qd7 g5 48.Qxf7 Bg6 49.Qd7  1-0

[Event "RUS-Cup3"]
[Site "Omsk"]
[Date "1996.??.??"]
[Round "1"]
[White "Sadvakasov, Darmen"]
[Black "Fominyh, Alexander"]
[Result "1-0"]
[WhiteElo "2360"]
[BlackElo "2535"]

1.e4 c5 2.Nf3 Nc6 3.Bb5 Na5 4.O-O a6 5.Be2 e6 6.c4 Qc7 7.Nc3 Nf6 8.b3 Nc6
9.Bb2 Bd6 10.h3 O-O 11.d4 cxd4 12.Nxd4 Be5 13.Nxc6 bxc6 14.Qc1 c5 15.f4 Bd4+
16.Kh1 d6 17.Qc2 Bb7 18.Bf3 Rae8 19.Rae1 Nd7 20.Na4 Bxb2 21.Qxb2 Bc6 22.Nc3 Rd8
23.Rd1 Bb7 24.Qf2 Nb8 25.e5 Bxf3 26.Qxf3 dxe5 27.f5 exf5 28.Qxf5 Nc6 29.Rxd8 Rxd8
30.Nd5 Qd7 31.Qg5 Kh8 32.Qe3 Qa7 33.b4 f6 34.bxc5 Nd4 35.Qa3 Rc8 36.Rb1 Ne6
37.Rb6 Nxc5 38.Qa5 Qf7 39.Qb4 Qf8 40.a4 f5 41.Qe1 e4 42.Qh4 Re8 43.Nc7 Rd8
44.Nd5 a5 45.Ne7 Rd1+ 46.Kh2 Qd8 47.Rc6 Qb8+ 48.Qg3 f4 49.Qh4 f3+ 50.Qg3 Qxg3+
51.Kxg3 h6 52.Rxc5 Rg1 53.Ng6+ Kh7 54.Nh4 g5 55.Nxf3 exf3 56.Kxf3 Kg6 57.Rxa5 h5
58.Ra6+ Kf5 59.g4+ hxg4+ 60.hxg4+ Ke5 61.Ra5+ Kd4 62.Rd5+ Kxc4 63.Rxg5 Kd4
64.Rf5 Ra1 65.a5 Rf1+ 66.Kg3 Rg1+ 67.Kf4 Rf1+ 68.Kg5 Rg1 69.a6  1-0

[Event "RUS-Cup3"]
[Site "Omsk"]
[Date "1996.??.??"]
[Round "1"]
[White "Bezgodov, Alexei"]
[Black "Lopushnoy, Denis"]
[Result "1/2-1/2"]
[WhiteElo "2490"]
[BlackElo "2295"]

1.e4 c5 2.Nf3 Nc6 3.Bb5 g6 4.O-O Bg7 5.c3 Nf6 6.d4 Nxe4 7.d5 Nd6 8.Bd3 Nb8
9.Re1 O-O 10.Bf4 Ne8 11.Qe2 e6 12.d6 f6 13.Na3 e5 14.Be3 b6 15.Be4 Nc6 16.Rad1 Bb7
17.h4 Na5 18.Qc2 Qb8 19.b4 cxb4 20.cxb4 Bxe4 21.Qxe4 Nc6 22.h5 Nxd6 23.Qd5+ Nf7
24.Nh4 Ne7 25.Qxd7 Qe8 26.Nb5 Rd8 27.Qxe8 Rfxe8 28.hxg6 hxg6 29.Nxa7 g5 30.Rxd8 Rxd8
31.Bxb6 Rd2 32.Nf3 Rxa2 33.Rd1 e4 34.Ne1  1/2-1/2

[Event "RUS-Cup3"]
[Site "Omsk"]
[Date "1996.??.??"]
[Round "7"]
[White "Chigvintsev, Andrei"]
[Black "Usatchev, Sergei"]
[Result "1-0"]
[WhiteElo "2325"]
[BlackElo "2030"]

1.e4 c5 2.Nf3 Nc6 3.Bb5 g6 4.O-O Bg7 5.c3 Nf6 6.Re1 O-O 7.h3 Ne8 8.Na3 Qb6
9.Bf1 d6 10.Nc4 Qd8 11.d4 cxd4 12.cxd4 d5 13.exd5 Qxd5 14.Ne3 Qd8 15.d5 Ne5
16.Nxe5 Bxe5 17.Qb3 Bg7 18.Bd2 Nd6 19.Nc4 Nxc4 20.Bxc4 a6 21.a4 h6 22.Bb4 Bf6
23.Qe3 Re8 24.Qxh6 Bf5 25.g4 Bc2 26.Rac1 Bxa4 27.d6 e6 28.Rxe6 Rxe6 29.Bxe6 fxe6
30.Rc7 Bd7 31.Qxg6+ Kf8 32.Rxd7 Qxd7 33.Qxf6+ Qf7 34.d7+ Kg8 35.d8=R+  1-0

[Event "RUS-chT"]
[Site "Orel"]
[Date "1996.??.??"]
[Round "?"]
[White "Olenin, Nikolay"]
[Black "Hasangatin, Ramil"]
[Result "1/2-1/2"]
[WhiteElo "2380"]
[BlackElo "2400"]

1.e4 c5 2.Nf3 Nc6 3.Bb5 g6 4.Bxc6 dxc6 5.h3 Bg7 6.d3 e5 7.Be3 Qe7 8.Qd2 Nf6
9.Nc3 Nd7 10.Bh6 f6 11.Bxg7 Qxg7 12.Nh2 Nf8 13.f4 exf4 14.Qxf4 Ne6 15.Qd6 Qe7
16.Qxe7+ Kxe7 17.Ne2 Nd4 18.Nxd4 cxd4 19.Nf3 Rd8 20.a4 Be6 21.Kd2 c5 22.b3 b6
23.Rhf1 Rac8 24.Rf2 Rf8 25.Nh4 Bd7 26.Raf1 a6 27.Rb1 Rc7 28.Rbf1 Rcc8  1/2-1/2

[Event "RUS-chT"]
[Site "Orel"]
[Date "1996.??.??"]
[Round "?"]
[White "Dmitriev, Igor"]
[Black "Bondar, Ilya"]
[Result "1-0"]
[WhiteElo "2395"]
[BlackElo "2280"]

1.e4 c5 2.Nf3 Nc6 3.Bb5 e6 4.Bxc6 bxc6 5.d3 Ne7 6.Bd2 d6 7.e5 Nf5 8.exd6 Bxd6
9.Nc3 O-O 10.Ne4 e5 11.c4 Nd4 12.Nxd4 cxd4 13.Qa4 Qd7 14.O-O f5 15.Nxd6 Qxd6
16.Rae1 Re8 17.Bb4 Qf6 18.f3 Bd7 19.Qa5 Rab8 20.b3 Rb7 21.Rf2 h6 22.Bc5 Qg6
23.Qd2 Re6 24.Rfe2 Qf6 25.f4 e4 26.dxe4 fxe4 27.Bxd4 Qf5 28.Qe3 Be8 29.Be5 Bg6
30.Qd4 Qf7 31.Rd2 Ree7 32.Qc5 Rbd7 33.Rde2 Qe6 34.h3 h5 35.Kh2 Rd3 36.Qf2 Red7
37.Qh4 Rd2 38.Qg5 Qf5 39.Qxf5 Bxf5 40.Kg3 Bg6 41.Kh4 e3 42.g4 hxg4 43.hxg4 Rxe2
44.Rxe2 Bb1 45.Kg5 Kf7 46.f5 Rd2 47.Rxe3 Bxa2 48.Bc3 Rd7 49.Re6 Rc7 50.Rg6 Kf8
51.Be5 Rb7 52.Rxc6 Bxb3 53.Kg6 Rb6 54.Bd6+ Ke8 55.Rxb6 axb6 56.Kxg7  1-0

[Event "RUS-chT"]
[Site "Orel"]
[Date "1996.??.??"]
[Round "?"]
[White "Dmitriev, Igor"]
[Black "Lisenko, Alexander V"]
[Result "1-0"]
[WhiteElo "2395"]
[BlackElo "2390"]

1.e4 c5 2.Nf3 Nc6 3.Bb5 Na5 4.O-O a6 5.Be2 d6 6.d4 cxd4 7.Qxd4 Nc6 8.Qe3 g6
9.h3 Bg7 10.c4 Nf6 11.Nc3 O-O 12.Rd1 Bd7 13.Rb1 Qc7 14.b3 Rfd8 15.Bb2 Be8
16.Nd5 Nxd5 17.exd5 Ne5 18.Bd4 Rdc8 19.Bb6 Qb8 20.Nh2 Kf8 21.Re1 Nd7 22.Bd4 Nf6
23.f3 Rc7 24.Bb6 Ng4 25.Nxg4 Rd7 26.Bd4 f6  1-0

[Event "RUS-chT"]
[Site "Orel"]
[Date "1996.??.??"]
[Round "?"]
[White "Kalugin, Sergei"]
[Black "Lisenko, Alexander V"]
[Result "0-1"]
[WhiteElo "2090"]
[BlackElo "2390"]

1.e4 c5 2.Nf3 Nc6 3.Bb5 g6 4.Bxc6 bxc6 5.d4 Bg7 6.O-O cxd4 7.Nxd4 Qb6 8.Nb3 d6
9.c4 Be6 10.Qc2 c5 11.N3d2 Qa6 12.Na3 Bd7 13.Qd3 Nf6 14.b3 Ng4 15.Nb5 Qa5
16.Rb1 a6 17.Na3 Ne5 18.Qe2 Nc6 19.Nf3 Bg4 20.Bb2 Bxf3 21.gxf3 Nd4 22.Bxd4 cxd4
23.Nc2 Qh5 24.Kg2 O-O 25.Rh1 f5 26.Qd3 e5 27.Ne1 Rf7 28.h3 Raf8 29.b4 Qh4
30.Rb2 Kh8 31.Re2 Qg5+ 32.Kf1 fxe4 33.Rxe4 Qc1 34.Kg2 Rf5 35.h4 Rc8 36.Nc2 Qh6
37.Rg4 Rd8 38.Rh3 Rf4 39.Rxf4 Qxf4 40.a4 Qf7 41.Rh1 Rc8 42.Na3 d5 43.Rc1 Qb7
44.b5 e4 45.bxa6 Qe7 46.fxe4 dxe4 47.Qh3 Rf8 48.Rf1 Qf6 49.a7 e3 50.a8=Q Rxa8
51.fxe3 Qc6+ 52.Qf3 Qxa4 53.Nb5 Rf8 54.Qe2 Re8 55.e4 Be5 56.Rf7 Kg8 57.Ra7 Qb3
58.Ra3 Qb4 59.Rf3 Rc8 60.Na3 Ra8 61.Qa2 Qc5 62.Qb3 Rb8 63.Nb5 Kg7 64.Qa2 Rd8
65.Qe2 Ra8 66.Qc2 Qb4 67.Rf1 Rc8  0-1

[Event "RUS-chT"]
[Site "Orel"]
[Date "1996.??.??"]
[Round "?"]
[White "Maiorov, Oleg"]
[Black "Antonenko, Denis"]
[Result "1/2-1/2"]
[WhiteElo "2420"]
[BlackElo "2090"]

1.e4 c5 2.Nf3 Nc6 3.Bb5 e6 4.Bxc6 bxc6 5.b3 f6 6.Bb2 Ne7 7.e5 Ng6 8.h4 h5
9.Rh3 fxe5 10.Rg3 Qf6 11.Qe2 d6 12.Nc3 Nf4 13.Qe4 Bd7 14.Rg5 d5 15.Qxe5 Nxg2+
16.Rxg2 Qxf3 17.Rg3 Qh1+ 18.Ke2 Qxh4 19.Na4 Rh6 20.Rag1 Rf6 21.Qg5 Qxg5 22.Rxg5 Rf7
23.Bxg7 O-O-O 24.Bxf8 Rdxf8 25.R1g2 e5 26.Nxc5 Bg4+ 27.Ke1 Rf5 28.Rg7 R5f7
29.Rg6 Rf6 30.Rg7  1/2-1/2

[Event "ESP-chT"]
[Site "Oropesa del Mar"]
[Date "1996.??.??"]
[Round "1"]
[White "Ballester Sanz, Joaquin"]
[Black "Ochoa de Echaguen, F Javier"]
[Result "1-0"]
[WhiteElo "2195"]
[BlackElo "2435"]

1.e4 c5 2.Nf3 Nc6 3.Bb5 g6 4.O-O Bg7 5.c3 Nf6 6.Re1 O-O 7.h3 e5 8.d3 d6 9.Bxc6 bxc6
10.d4 cxd4 11.cxd4 d5 12.Nxe5 Nxe4 13.Nc3 Nxc3 14.bxc3 Qa5 15.Qf3 Qa4 16.Nd3 Qa5
17.Bg5 Bf5 18.Ne5 Be4 19.Nxc6 Qc7 20.Ne7+ Kh8 21.Nxd5 Bxd5 22.Qxd5 Qxc3 23.Rad1 Kg8
24.Re7 Rad8 25.Rd7 Rxd7 26.Qxd7 Qc2 27.Rd2 Qc1+ 28.Kh2 a6 29.Be3 h5 30.Qa4 Qc7+
31.Kg1 Rb8 32.Rd1 Qd6 33.d5 Be5 34.Qc6 Qxc6 35.dxc6 Rc8 36.f4 Bc7 37.Rb1 Ba5
38.Bb6 Bd2 39.c7 Bxf4 40.Kf1 Kg7 41.Rd1 Bxc7 42.Rc1 Bxb6 43.Rxc8 a5 44.Ke2 Bd4
45.Kd3 Bf2 46.Ra8 Be1 47.Ra6 f5 48.a4 h4 49.Kc4 Kh6 50.Kb5 Kg5 51.Rxa5 Kf4
52.Ra6 g5 53.Re6 Bd2 54.Re2 Bc3 55.Kc4 Ba5 56.Kd3 g4 57.Rf2+ Kg3 58.Rxf5 Kxg2
59.Rxa5 gxh3 60.Rb5 h2 61.Rb2+ Kg3 62.Rb1 Kg2 63.a5 h1=Q 64.Rxh1 Kxh1 65.a6 h3
66.a7 Kg1 67.a8=Q h2 68.Qa1+ Kg2 69.Qb2+  1-0

[Event "ESP-chT"]
[Site "Oropesa del Mar"]
[Date "1996.??.??"]
[Round "2"]
[White "Vega Holm, Fernando"]
[Black "Magem Badals, Jorge"]
[Result "1/2-1/2"]
[WhiteElo "2355"]
[BlackElo "2570"]

1.e4 c5 2.Nf3 Nc6 3.Bb5 g6 4.O-O Bg7 5.c3 Nf6 6.Re1 O-O 7.h3 e5 8.d3 d6 9.Nbd2 a6
10.Ba4 b5 11.Bc2 h6 12.a4 Bb7 13.Nf1 d5 14.Ng3 d4 15.axb5 axb5 16.Rxa8 Bxa8
17.cxd4 cxd4 18.Bd2 Nd7 19.h4 Kh7 20.h5 Nc5 21.b4 Na6 22.Bb3 Qe7 23.hxg6+ fxg6
24.Kh2 Ncxb4 25.Qe2 Nc6 26.Rh1 Nc5 27.Bd5 Ne6 28.Bxe6 Qxe6 29.Kg1 Qe7 30.Qd1 Bb7
31.Qc1 h5 32.Ng5+ Kg8 33.Qb2 Nd8 34.Qxb5 Bh6 35.Nf3 Bxd2 36.Nxd2 Qe8 37.Qc5 Ba6
38.Nf3 Nc6  1/2-1/2

[Event "ESP-chTB"]
[Site "Oropesa del Mar"]
[Date "1996.??.??"]
[Round "3"]
[White "Baron Rodriguez, Jesus"]
[Black "Garcia Melgar, Juan Pablo"]
[Result "1-0"]
[WhiteElo "2205"]
[BlackElo "2245"]

1.e4 c5 2.Nf3 Nc6 3.Bb5 Nf6 4.Nc3 g6 5.e5 Ng4 6.Bxc6 dxc6 7.h3 Nh6 8.g4 Bg7
9.d3 f5 10.g5 Nf7 11.Bf4 Be6 12.h4 Qc7 13.h5 gxh5 14.Qe2 O-O-O 15.O-O-O Qa5
16.a3 b5 17.Rxh5 b4 18.Nb1 c4 19.axb4 Qxb4 20.d4 Bd5 21.Rh3 e6 22.Nfd2 Rd7
23.c3 Qa4 24.Na3 Bf8 25.Ndxc4 Be7 26.Nd6+ Rxd6 27.exd6 Bxg5 28.Bxg5 Nxg5
29.c4 Nxh3 30.cxd5 cxd5 31.Qxe6+ Qd7 32.Qxd5 Kb8 33.Rd3 Rc8+ 34.Kb1 Rc6 35.Rb3+ Rb6
36.Rxb6+ axb6 37.Nc4 Qa4 38.d7  1-0

[Event "ESP-chTB"]
[Site "Oropesa del Mar"]
[Date "1996.??.??"]
[Round "7"]
[White "Garcia Melgar, Juan Pablo"]
[Black "Toledano Llinares, Juan Antonio"]
[Result "1-0"]
[WhiteElo "2245"]
[BlackElo "2385"]

1.e4 c5 2.Nf3 Nc6 3.Bb5 g6 4.O-O Bg7 5.c3 Nf6 6.Re1 O-O 7.h3 Qb6 8.Ba4 d5
9.e5 Ne8 10.d4 cxd4 11.cxd4 e6 12.Nc3 f6 13.Bxc6 bxc6 14.Na4 Qd8 15.Bf4 g5
16.exf6 Bxf6 17.Be5 Nd6 18.Nc5 Nc4 19.b3 g4 20.hxg4 Nxe5 21.Nxe5 Bg5 22.g3 a5
23.Qd3 Qc7 24.f4 Be7 25.Rac1 a4 26.b4 Bxc5 27.Rxc5 Ba6 28.Qc2 Qg7 29.Rxc6 Rfc8
30.b5 Bb7 31.Rc5 Re8 32.Rc1 Re7 33.Rc7 Rae8 34.Qc5 h5 35.g5 h4 36.Qc2 hxg3
37.Qg6 Kf8 38.Qxg7+ Kxg7 39.Kg2 a3 40.b6 Ba6 41.Rxe7+ Rxe7 42.Rc7  1-0

[Event "Komercni Banka op"]
[Site "Pardubice"]
[Date "1996.??.??"]
[Round "1"]
[White "Fuksik, Jakub"]
[Black "Jirovsky, Milos"]
[Result "0-1"]
[WhiteElo "2230"]
[BlackElo "2445"]

1.e4 c5 2.Nf3 Nc6 3.Bb5 g6 4.Bxc6 dxc6 5.h3 Bg7 6.d3 b6 7.a4 e5 8.Na3 f6
9.Be3 Nh6 10.O-O Be6 11.Nd2 Nf7 12.a5 O-O 13.axb6 axb6 14.Nac4 Qc7 15.b4 b5
16.Na5 cxb4 17.Nab3 Nd6 18.Nc5 Bf7 19.Qb1 Rfd8 20.Qxb4 Bf8 21.Ra3 Nb7 22.Rfa1 Rxa3
23.Rxa3 Nxc5 24.Bxc5 Rd4 25.c4 Bxc5 26.Qxc5 Qd6 27.Qxd6 Rxd6 28.Kf1 bxc4
29.Ra8+ Kg7 30.Nxc4 Rxd3 31.Ra7 c5 32.Rc7 Rd1+ 33.Ke2 Rd4 34.Ne3 Rxe4 35.Rxc5 Ra4
36.Kf3 h5 37.g3 Ra7 38.g4 Be6 39.Rc6 Kf7 40.Kg3 Re7 41.Kh4 Ra7 42.Kg3 f5
43.Nc4 f4+ 44.Kh4 Bxc4 45.Rxc4 Ra2 46.f3 hxg4 47.hxg4 Ra3 48.Rc6 Rxf3 49.Kg5 Rf1
50.Rxg6 f3 51.Rf6+ Ke7 52.Rf5 Ke6 53.Kh4 Kd5  0-1

[Event "Komercni Banka op"]
[Site "Pardubice"]
[Date "1996.??.??"]
[Round "1"]
[White "Chytilek, Roman"]
[Black "Grunina, Elena"]
[Result "1-0"]
[WhiteElo "2340"]
[BlackElo "2090"]

1.e4 c5 2.Nf3 Nc6 3.Bb5 g6 4.c3 Bg7 5.d4 Qa5 6.Qe2 cxd4 7.O-O e6 8.cxd4 Nxd4
9.Nxd4 Bxd4 10.Rd1 Bg7 11.Na3 Nf6 12.Nc4 Qd8 13.Nd6+ Kf8 14.Qf3 Qe7 15.Bg5 h6
16.Nxc8 Rxc8 17.Rxd7 Qc5 18.Bxf6 Bxf6 19.Qxf6  1-0

[Event "Komercni Banka op"]
[Site "Pardubice"]
[Date "1996.??.??"]
[Round "1"]
[White "Svobodova, Michaela"]
[Black "Manik, Mikulas"]
[Result "0-1"]
[WhiteElo "2175"]
[BlackElo "2395"]

1.e4 c5 2.Nf3 Nc6 3.Bb5 g6 4.Bxc6 bxc6 5.O-O Bg7 6.Re1 f6 7.d3 d6 8.Nh4 Nh6
9.f4 f5 10.e5 dxe5 11.Nf3 exf4 12.Bxf4 Nf7 13.Nc3 O-O 14.Qe2 e5 15.Bxe5 Nxe5
16.Nxe5 Qd4+ 17.Qe3 Bxe5  0-1

[Event "Komercni Banka op"]
[Site "Pardubice"]
[Date "1996.??.??"]
[Round "2"]
[White "Hasangatin, Ramil"]
[Black "Totsky, Leonid"]
[Result "1-0"]
[WhiteElo "2380"]
[BlackElo "2490"]

1.Nf3 c5 2.e4 Nc6 3.Bb5 e6 4.Bxc6 bxc6 5.d3 Ne7 6.Bd2 d5 7.c4 Ng6 8.O-O dxe4
9.dxe4 e5 10.Qa4 Bd7 11.Be3 Qb6 12.Qc2 f6 13.Nc3 Be7 14.Na4 Qa5 15.Nd2 Rb8
16.a3 Nf4 17.Nxc5 Bxc5 18.b4 Bxb4 19.axb4 Qxb4 20.Rxa7 Qd6 21.Nb3 Bg4 22.Bxf4 exf4
23.Rxg7 Bh5 24.e5 fxe5 25.Rxh7 Rxh7 26.Qxh7 Be2 27.c5 Qd3 28.Qg8+ Kd7 29.Qf7+ Kc8
30.Qe8+ Qd8 31.Qxc6+ Qc7 32.Qe8+ Qd8 33.Qe6+ Qd7 34.Qg8+ Kc7 35.Qg5 Bxf1
36.Qxe5+ Kc8 37.Qh8+ Qd8 38.Qh3+ Kc7 39.Qf3  1-0

[Event "Komercni Banka op"]
[Site "Pardubice"]
[Date "1996.??.??"]
[Round "3"]
[White "Zambor, Norbert"]
[Black "Hlinka, Vasil"]
[Result "1/2-1/2"]
[WhiteElo "2205"]
[BlackElo "2055"]

1.e4 c5 2.Nf3 Nc6 3.Bb5 d6 4.O-O Bd7 5.Re1 Nf6 6.c3 a6 7.Ba4 b5 8.Bc2 Bg4
9.h3 Bh5 10.d3 e6 11.Nbd2 Be7 12.Nf1 Nd7 13.Ng3 Bg6 14.d4 cxd4 15.Nxd4 Nxd4
16.Qxd4 O-O 17.Qd1 Nc5 18.Be3 Qc7 19.Qg4 d5 20.f3 Bd6 21.Nf5 Bh2+ 22.Kh1 dxe4
23.fxe4 exf5 24.exf5 Bg3 25.Rf1 h5 26.Qg5 Ne6 27.fxe6 Bxc2 28.exf7+ Rxf7
29.Rxf7 Qxf7 30.Qxg3 Be4 31.Bd4 Re8 32.Kh2 Qg6 33.a4 Qxg3+ 34.Kxg3 bxa4 35.Rxa4 Bd3
36.Rb4 Re2 37.Rb8+ Kf7 38.b4 Re7 39.Kf3 Bb5 40.Rc8 Be2+ 41.Kf2 Bd3 42.Rc5 g6
43.Be5 Ke6 44.g3 Rd7 45.Bf4 Rd5 46.Rc6+ Kf5 47.h4 Bb5 48.Rc7 Rd7 49.Rc5+ Ke4
50.c4 Ba4 51.Ra5 Bb3 52.Rxa6 Bxc4 53.Rxg6 Rd1 54.Rf6 Rb1 55.Rb6 Rb2+ 56.Ke1 Kd3
57.Rd6+ Ke4 58.Bd2 Kf3 59.Kd1 Kxg3 60.Kc1 Rb3 61.Kc2 Rf3 62.Be1+ Kg4 63.Rd4+ Rf4
64.Kc3 Be2 65.Rxf4+ Kxf4 66.Kd4 Kf5 67.Kd5 Bf3+ 68.Kd6 Be2 69.Bc3 Bf1 70.Bd2 Be2
71.Be3 Bf1 72.Bc5 Be2 73.Ba7 Kg4 74.Bf2 Kf5 75.Bg3 Kg4 76.Be1 Kf5 77.Bg3 Kg4
78.Be1 Kf5 79.Bd2 Bf1 80.Kc6 Bg2+ 81.Kd6 Bf1 82.Bg5 Be2 83.Kc6 Bf3+ 84.Kb6 Ke6
85.b5 Kd7 86.Ka7 Kc8  1/2-1/2

[Event "Komercni Banka op"]
[Site "Pardubice"]
[Date "1996.??.??"]
[Round "3"]
[White "Talla, Vladimir"]
[Black "Manik, Mikulas"]
[Result "0-1"]
[WhiteElo "2285"]
[BlackElo "2395"]

1.e4 c5 2.Nf3 Nc6 3.Bb5 Qb6 4.Nc3 e6 5.O-O Nd4 6.a4 Ne7 7.d3 Nxb5 8.axb5 Ng6
9.Be3 d6 10.b4 Be7 11.bxc5 dxc5 12.Nd2 Bf6 13.Nc4 Qd8 14.Qd2 b6 15.f4 O-O
16.Ra3 Bd7 17.e5 Be7 18.Ra6 Bc8 19.Ra2 Bb7 20.Rfa1 Nh4 21.Ne4 f5 22.exf6 gxf6
23.Bf2 Nxg2 24.Kxg2 f5 25.Qe3 fxe4 26.dxe4 Bf6 27.Ne5 Qc7 28.Bg3 Qg7  0-1

[Event "Komercni Banka op"]
[Site "Pardubice"]
[Date "1996.??.??"]
[Round "4"]
[White "Hasangatin, Ramil"]
[Black "Sherbakov, Ruslan"]
[Result "1/2-1/2"]
[WhiteElo "2380"]
[BlackElo "2555"]

1.e4 c5 2.Nf3 Nc6 3.Bb5 e6 4.Bxc6 bxc6 5.d3 Ne7 6.Bd2 Ng6 7.h4 h5 8.e5 f6
9.Qe2 Nxe5 10.Nxe5 fxe5 11.Qxe5 Qf6 12.Qg3 Qxb2 13.Qg6+ Kd8 14.O-O Qd4 15.Nc3 Qg4
16.Bg5+ Kc7 17.Rab1 Ba6 18.Qf7 Qf5 19.Bf4+ Kd8 20.Bg5+ Kc7 21.Bf4+ Kd8  1/2-1/2

[Event "Komercni Banka op"]
[Site "Pardubice"]
[Date "1996.??.??"]
[Round "5"]
[White "Totsky, Leonid"]
[Black "Faibisovich, Vadim Z"]
[Result "1-0"]
[WhiteElo "2490"]
[BlackElo "2410"]

1.e4 c5 2.Nf3 Nc6 3.Bb5 g6 4.O-O Bg7 5.c3 a6 6.Bxc6 dxc6 7.d3 Nf6 8.h3 O-O
9.a4 a5 10.Qc2 b6 11.Rd1 Qc7 12.d4 Nd7 13.Be3 Ba6 14.Nbd2 cxd4 15.cxd4 Rac8
16.Rac1 Be2 17.Re1 Bxf3 18.Nxf3 Qb8 19.Qb3 Qd6 20.Re2 e6 21.Rec2 c5 22.Qb5 Rb8
23.Rd2 Qe7 24.Bf4 e5 25.Bg5 f6 26.dxc5 Nxc5 27.Be3 Qe6 28.Rdc2 Nxe4 29.Rc6 Qf7
30.Rc7 Qe6 31.R7c6 Qf7 32.Rc7 Qe6 33.R1c6 Nd6 34.Qa6 Qd5 35.Rxd6 Qxd6 36.Qa7 Qxc7
37.Qxc7 Kh8 38.Qc4 h6 39.Qb5 Rfe8 40.Nh4 Kh7 41.Qd7  1-0

[Event "Komercni Banka op"]
[Site "Pardubice"]
[Date "1996.??.??"]
[Round "5"]
[White "Talla, Vladimir"]
[Black "Hlavac, Rudolf"]
[Result "1-0"]
[WhiteElo "2285"]
[BlackElo "2120"]

1.e4 c5 2.Nf3 Nc6 3.Bb5 g6 4.Bxc6 dxc6 5.d3 Nf6 6.Be3 b6 7.h3 Bg7 8.Nc3 O-O
9.Qd2 a5 10.Bh6 Ra7 11.Qe3 Re8 12.Bxg7 Kxg7 13.Ne5 Qc7 14.f4 Ng8 15.O-O-O f6
16.Nf3 e6 17.g4 Qe7 18.h4 a4 19.h5 b5 20.hxg6 hxg6 21.Rd2 b4 22.Rdh2 Kf8
23.Nb1 Qd6 24.e5 Qd5 25.c4 bxc3 26.Nxc3 Qd7 27.Qxc5+ Re7 28.Rh8 f5 29.gxf5 exf5
30.Nd4 a3 31.b4 Rc7 32.Qd6  1-0

[Event "Komercni Banka op"]
[Site "Pardubice"]
[Date "1996.??.??"]
[Round "5"]
[White "Turner, Jan"]
[Black "Vavra, Pavel"]
[Result "1/2-1/2"]
[WhiteElo "2215"]
[BlackElo "2375"]

1.e4 c5 2.Nf3 Nc6 3.Bb5 Nd4 4.Nxd4 cxd4 5.O-O h5 6.c3 Qb6 7.Ba4 Nf6 8.d3 e6
9.cxd4 Qxd4 10.Nc3 a6 11.Be3 Qe5 12.f4 Qb8 13.e5 b5 14.exf6 bxa4 15.Nxa4 Qb5
16.fxg7 Bxg7 17.Nb6 Bb7 18.Nxa8 Qxb2 19.Bf2 Qxa1 20.Nc7+ Kd8 21.Qxa1 Bxa1
22.Bb6 Rg8 23.Nxe6+ Ke7 24.Ng5 Bc3 25.g3 f5 26.Bc5+ d6 27.Rc1 Ba5 28.Bd4 Bd5
29.Kf2 Rb8 30.Rc2 Rb4 31.Bc3 Bb6+ 32.Ke2 Ra4 33.Rb2 Rxa2 34.Rxa2 Bxa2 35.Nf3 Ke6
36.Nd4+ Bxd4 37.Bxd4 Kd5 38.Bf6 Kc5 39.Kd2 Bb1 40.Kc3 a5 41.Bd4+ Kb5 42.Be3 Ka4
43.Bc1 Ba2 44.h4  1/2-1/2

[Event "Komercni Banka op"]
[Site "Pardubice"]
[Date "1996.??.??"]
[Round "6"]
[White "Blazek, Milos"]
[Black "Ciganikova, Andrea"]
[Result "0-1"]
[WhiteElo "2105"]
[BlackElo "2105"]

1.e4 c5 2.Nf3 Nc6 3.Bb5 g6 4.O-O Bg7 5.c3 Nf6 6.Re1 O-O 7.d4 cxd4 8.cxd4 d5
9.exd5 Nxd5 10.Nc3 Bg4 11.Bxc6 bxc6 12.Nxd5 cxd5 13.Bg5 Re8 14.h3 Bxf3 15.Qxf3 Qd7
16.Rad1 e6 17.Bf6 Rec8 18.Bxg7 Kxg7 19.Re2 Rc6 20.h4 Rac8 21.g4 Rc2 22.Rdd2 Rc1+
23.Kg2 Ra1 24.b3 Rcc1 25.Qf4 Qc8 26.Re3 Rh1 27.g5 Rag1+ 28.Kf3 Rh3+ 29.Ke2 Rxe3+
30.Kxe3 Re1+ 31.Kf3 Kg8 32.Re2 Rd1 33.Kg2 Rc1 34.Qf6 Qf8 35.Re3 Rc8 36.Rh3 Qg7
37.Qf4 Kf8 38.Qd2 Kg8 39.Rc3 Re8 40.Rc7 Ra8 41.Qc3 Qf8 42.Qc5 Qxc5 43.dxc5 a5
44.Kf3 Kf8 45.c6 Ke8 46.a3 Rb8 47.Rb7 Rc8 48.Rb6 Ke7 49.b4 axb4 50.axb4 Kd6
51.b5 Rc7 52.Rb8 Ra7 53.Kg2 Kc7 54.Rh8 Kb6 55.Rxh7 d4 56.Kf1 Kxb5 57.h5 gxh5
58.Rxh5 Kxc6 59.f4 Rd7 60.Ke2 Rd5 61.Kd3 Rf5 62.Ke4 d3 63.Kxd3 Rxf4 64.Rh3 Kd5
65.Rg3 Ra4 66.g6 f5 67.Rg5 Ra3+ 68.Ke2 Ra8 69.g7 Rg8 70.Kf3 Kd6 71.Kf4 Ke7
72.Ke5 Kf7 73.Rg1 Rxg7 74.Rc1 Rg6 75.Rc7+ Kf8 76.Ra7 Kg8 77.Rb7 Rg7 78.Rb8+ Kf7
79.Rb1 Rg2 80.Rb7+ Kg6 81.Kxe6 Re2+ 82.Kd5 Kg5 83.Kd4 Kf4 84.Kd3 Re8  0-1

[Event "Komercni Banka op"]
[Site "Pardubice"]
[Date "1996.??.??"]
[Round "8"]
[White "Meier, Volker"]
[Black "Pick, Stepan"]
[Result "1/2-1/2"]
[WhiteElo "2290"]
[BlackElo "2115"]

1.e4 c5 2.Nf3 Nc6 3.Bb5 g6 4.O-O Bg7 5.c3 e5 6.d4 cxd4 7.cxd4 exd4 8.Bf4 Nge7
9.Bd6 O-O 10.Nbd2 h6 11.Re1 a6 12.Bd3 b6 13.e5 Re8 14.Nh4 Nd5 15.Nxg6 Bb7
16.Bc4 Na5 17.Bxd5 Bxd5 18.Nf4 Bb7 19.Nh5 Qg5 20.Ne4 Qg6 21.Nhf6+ Kh8 22.Nxe8 Bxe4
23.Rxe4 Qxe4 24.Nxg7 Kxg7 25.Rc1 Nc6 26.Qd2 Rg8 27.Rd1 Re8 28.f4 Rc8 29.g3 h5
30.Qd3 Qxd3 31.Rxd3 Kg6 32.Kf2 Na5 33.Bb4 Rc2+ 34.Kf3 Nc6 35.Rb3 Rxh2 36.Ba3 b5
37.Bc5 Kf5 38.Bb6 Rc2  1/2-1/2

[Event "Komercni Banka op"]
[Site "Pardubice"]
[Date "1996.??.??"]
[Round "9"]
[White "Sulskis, Sarunas"]
[Black "Stripunsky, Alexander"]
[Result "1-0"]
[WhiteElo "2515"]
[BlackElo "2440"]

1.e4 c5 2.Nf3 Nc6 3.Bb5 d6 4.O-O Bd7 5.c3 Nf6 6.Re1 a6 7.Bf1 Bg4 8.d4 cxd4
9.cxd4 Bxf3 10.gxf3 e5 11.d5 Nd4 12.Be3 Nd7 13.f4 Qh4 14.Nd2 Be7 15.fxe5 dxe5
16.Bxd4 exd4 17.Nf3 Qf4 18.e5 Bb4 19.Qxd4 Qxd4 20.Nxd4 Bxe1 21.Rxe1 g6 22.f4 O-O
23.d6 Rfe8 24.Bg2 Rab8 25.h4 Rec8 26.Kf2 Rc4 27.Rd1 Nf8 28.Ke3 Ne6 29.Nxe6 fxe6
30.Bxb7 a5 31.Rd2 Kf7 32.Ba6 Rc6 33.Bb5 Rc5 34.a4 h6 35.Ke4 Rc1 36.b3 Re1+
37.Kd4 Rc8 38.h5 g5 39.fxg5 hxg5 40.Rf2+ Kg7 41.Rf6 Rd1+ 42.Bd3 Rb8 43.h6+ Kg8
44.Rxe6 g4 45.h7+ Kg7 46.Re7+ Kh6 47.d7 Rd8 48.h8=Q+ Rxh8 49.Re8  1-0

[Event "Paris op"]
[Site "Paris"]
[Date "1996.??.??"]
[Round "2"]
[White "Prie, Eric"]
[Black "Lazarev, Efrim M"]
[Result "0-1"]
[WhiteElo "2500"]
[BlackElo "2435"]

1.e4 c5 2.Nf3 Nc6 3.Bb5 d6 4.Bxc6+ bxc6 5.e5 d5 6.h3 e6 7.d3 Ne7 8.c4 Ng6
9.O-O Be7 10.Nc3 f6 11.exf6 gxf6 12.Na4 e5 13.Nd2 Be6 14.Nb3 dxc4 15.Nbxc5 Bf7
16.Be3 cxd3 17.Qxd3 Qxd3 18.Nxd3 Nh4 19.Rfc1 Rg8 20.g3 Nf5 21.Bc5 Nxg3 22.Kh2 Ne2
23.Rc2 Bd5 24.Ne1 Bxc5 25.Nxc5 Nf4 26.f3 Ke7 27.Rd1 Rg6 28.Ncd3 Nxh3 29.Kxh3 Rag8
30.Ng2 Rh6+ 31.Nh4 Be6+  0-1

[Event "Paris op"]
[Site "Paris"]
[Date "1996.??.??"]
[Round "5"]
[White "Barczay, Laszlo"]
[Black "Claverie, Christophe"]
[Result "1-0"]
[WhiteElo "2400"]
[BlackElo "2325"]

1.e4 c5 2.Nf3 Nc6 3.Bb5 g6 4.Bxc6 dxc6 5.O-O Bg7 6.e5 Bg4 7.Re1 Qc7 8.d4 cxd4
9.h3 Bxf3 10.Qxf3 Bxe5 11.Na3 Bg7 12.Bf4 Qd7 13.Nc4 Nf6 14.Qa3 Nd5 15.Be5 Bxe5
16.Nxe5 Qf5 17.Qb3 O-O 18.Rad1 f6 19.Ng4 Qf4 20.Rxe7 h5 21.g3 Qb8 22.Rxd4 hxg4
23.Rxd5  1-0